000 00527nam a2200217Ia 4500
003 OSt
005 20220924133929.0
006 a|||||r|||| 00| 0
007 ta
008 220923b |||||||| |||| 00| 0 snd d
024 _a271162
037 _cTextual
040 _aARTS
_cARTS
_bsnd
041 _2snd
_asnd
082 _a/\2y7K70, 1593G1
100 _aSuthwani
_9207700
245 0 _aBanda Bahadur
260 _c1931
942 _h/\2y7K70, 1593G1
_cTEXL
_2CC
999 _c435784
_d435784